Horthy-szobor: tiltakozik a település

Bibliographic Details
Format: Article
Language:Hungarian
ISSN:1335-7050
Subjects:

MARC

LEADER 00000nab a2200000 a 4500
001 vtls011716130
003 SK-MaSNL
005 20260319070908.0
008 171018c20171018xo d| | 00 0|2hun
015 |a SNBRB2017/10 
038 |a DSZK 
040 |a DSZK  |b slo  |c DSZK  |e AACR2 
041 0 |a hun 
044 |a xo  |c SK 
080 |a 94(439)  |2 2011 
080 |a 32-051(439)  |2 2011 
080 |a 7.027.1  |2 2011 
245 0 0 |a Horthy-szobor: tiltakozik a település  |c [szerző] (lpj) 
600 1 7 |a Horthy, Miklós,  |d 1868-1957  |2 dszk  |9 281317 
650 0 7 |a busty  |2 SNKPH  |9 29694 
650 0 7 |a občania  |2 dszk  |9 376455 
650 0 7 |a protesty  |2 dszk  |9 337515 
651 7 |a Vydrany (Slovensko)  |2 SNKPH  |9 69676 
773 0 |t Új szó  |g Évf. 70, sz. 240 (2017.10.18), o. 2  |x 1335-7050 
852 |a DSZK  |b KIS3GCP 
958 |a HU 
958 |a SK 
999 |c 1790121  |d 1792051